00544 2200217 4500001002100000005001500021035002000036007000300056008004100059020002200100082000800122084001400130100002400144245005100168250001000219260003500229300002100264600001300285990001300298990001500311INLIS00000000000777120260608084503 a0010-0626000011ta260608 | | ind  a978-623-305-228-3 a101 a101 FRE f0 aFrederick Copleston1 aFilsafat Rene Descartes /cFrederick Copleston aCet.1 aYogyakarta :bBasa Basi,c2021 a208 hlm ;c19 cm 4aFilsafat a129/2023 a129.2/2023